| 000 | 01472cam a22003131i 4500 | ||
|---|---|---|---|
| 003 | SA-RiAUC | ||
| 005 | 20250805070915.0 | ||
| 008 | 250802s1972 xx g 00000 ara c | ||
| 040 |
_aSA-JeALM _bara _cSA-RiAUC _erda |
||
| 050 | 4 | _b.S53 1972 | |
| 082 | 0 | 4 |
_a232.64 _qSA-RiAUC |
| 090 |
_a232.64 _bش و ك |
||
| 100 | 1 |
_aالشوكاني، محمد بن علي بن محمد، _d1173-1250 هجري _eمؤلف. |
|
| 245 | 1 | 2 |
_aالفوائد المجموعة في الأحاديث الموضوعة / _cمحمد بن علي الشوكاني ؛ تحقيق عبد الرحمن بن يحيى المعلمي. |
| 246 | 3 | 0 | _aالأحاديث الموضوعة |
| 250 | _aالطبعة الثانية. | ||
| 264 | 1 |
_aجدة : _bالشيخ محمد نصيف رحمه الله، _c[1972] |
|
| 300 |
_aأ-ع، 518 صفحة ؛ _c24 سم |
||
| 336 |
_aنص _btxt _2rdacontent _3كتاب |
||
| 337 |
_aبدون وسيط _bn _2rdamedia |
||
| 338 |
_aمجلد _bnc _2rdacarrier |
||
| 650 | 7 |
_aالحديث الموضوع _2aucsh |
|
| 650 | 7 |
_aالحديث _xإسناد _2aucsh |
|
| 653 | _aالنوادر | ||
| 700 | 1 | 2 |
_iتحقيق لـ : _aالشوكاني، محمد بن علي بن محمد، _d1173-1250 هجري _tالفوائد المجموعة في الأحاديث الموضوعة |
| 700 | 1 |
_aالمعلمي، عبد الرحمن بن يحيى بن علي، _d1313-1386 هجري _eمحقق. |
|
| 942 |
_2ddc _cBOOK _n0 |
||
| 949 |
_aSA-JeALM _d250802 _umohamedma123 _n1 |
||
| 999 |
_c10565 _d10565 |
||